00806nam a2200205 a 4500003000200000005001700002008004100019050002900060100003100089245009200120260009300212300004100305504004100346650003300387650002200420650002500442650004200467650005300509650003800562020250213085039.0120723s19uu xx 00 eng d aPGS TX 553.E6b.Y83 2012 aYoussaf, Choudry Zeshan A. aDetermination of sugar content of different energy drinks /cChoudry Zeshan A. Youssaf. aLas Piñas City, Philippines : bSouthville International School and Colleges, c2012. a20 pages :billustrations ; c28 cm. aIncludes bibliographical references. aEnergy drinksvSugar content aSugarsvAnalysis. aBeveragesvAnalysis. aCarbohydratesvQuantitative analysis. aBenedict’s testvApplication in food analysis. aChemical tests for sugar content.